Types of Guitars - Statistics

General Stats
  • This quiz has been taken 30 times
  • The average score is 2 of 5
Answer Stats
Song/artists
used this guitar:
Type of Guitar % Correct
Hotel California Acoustic
100%
Jimi Hendrix Electric Guitar
44%
All Rock songs Bass Guitar
20%
Tequila Sunrise Electro-Acoustic
12%
BB KIng Semi-Acoustic
12%
No matching quizzes found
Score Distribution
Percent of People with Each Score
Percentile by Number Answered
Your Score History
You have not taken this quiz